Tuyển tập truyện ngắn Việt Nam chọn lọc Trọn bộ 8 tập T.8 Nguyễn Trọng Tân, Phạm Ngọc Tiến, Trần Đức Tiến..

Gorde:
Xehetasun bibliografikoak
Egile nagusia: Nguyễn Trọng Tân
Beste egile batzuk: Lê Minh Khuê (Tác giả), Phan Thanh (Tác giả), Từ Nguyên Tĩnh (Tác giả), Nguyễn Thi Đạo Tĩnh (Tác giả), Trần Đức Tiến (Tác giả)
Formatua: Liburua
Hizkuntza:Vietnamese
Argitaratua: H. Văn học 1998
Gaiak:
Etiketak: Etiketa erantsi
Etiketarik gabe, Izan zaitez lehena erregistro honi etiketa jartzen!
Thư viện lưu trữ: Mạng thư viện Đại học Đà Nẵng
LEADER 01529nam a2200421 4500
001 000005571
003 1716
005 20110818150830.0
008 110817s1998 viesd
020 |c 30000đ 
041 0 |a vie 
082 |a 895.9223  |b TUY 
100 0 |a Nguyễn Trọng Tân 
245 1 0 |a Tuyển tập truyện ngắn Việt Nam chọn lọc  |b Trọn bộ 8 tập  |c Lữ Huy Nguyên, Chu Giang b.s  |n T.8 Nguyễn Trọng Tân, Phạm Ngọc Tiến, Trần Đức Tiến.. 
260 |a H.  |b Văn học  |c 1998 
300 |a 438 tr.  |c 19 cm. 
653 |a Văn học trung đại 
653 |a Tuyển tập 
653 |a Văn học cận đại 
653 |a Việt Nam 
653 |a Truyện ngắn 
700 |a Lê Minh Khuê  |e Tác giả 
700 |a Phan Thanh  |e Tác giả 
700 |a Từ Nguyên Tĩnh  |e Tác giả 
700 |a Nguyễn Thi Đạo Tĩnh  |e Tác giả 
700 |a Trần Đức Tiến  |e Tác giả 
773 |t Tuyển tập truyện ngắn Việt Nam  |w 1696 
910 |a Huỳnh Thị Cẩm Lai  |d 17/08/2011 
OWN |a LSP 
AVA |a UDN50  |b LSP  |d 895.9223 TUY  |e available  |t Error 5001 Not defined in file expand_doc_bib_avail.  |f 3  |g 0  |h N  |i 0  |k 1 
999 |a From the UDN01 
AVA |a UDN50  |b LSP  |d 895.9223 TUY  |e available  |t Error 5001 Not defined in file expand_doc_bib_avail.  |f 3  |g 0  |h N  |i 0  |k 1 
TYP |a Monograph 
TYP |a Printed language 
980 |a Mạng thư viện Đại học Đà Nẵng